Le marquis De Montcalm et les dernières années de la colonie française au Canada 1756-1760. Par le R. P. F. Martin, de la Compagnie de Jésus

Uloženo v:
Podrobná bibliografie
Hlavní autor: Martin, Félix, S. J. (autor)
Médium: Kniha
Jazyk:francouzština
Vydáno: París G. Téqui 1879
Vydání:3a. ed
Témata:
Tagy: Přidat tag
Žádné tagy, Buďte první, kdo vytvoří štítek k tomuto záznamu!

MARC

LEADER 00000nam a2200000 a 4500
001 UCJ8607
003 CL-VaPUC
008 070124e18790000FR |||||||||||||||||fre|d
082 0 4 |a 923  |b MAR  |2 21 
100 |a Martin, Félix,  |c S. J.  |e autor  |9 517465 
245 1 3 |a Le marquis De Montcalm et les dernières années de la colonie française au Canada 1756-1760. Par le R. P. F. Martin, de la Compagnie de Jésus 
250 |a 3a. ed 
300 |a 340 p 
942 |c BK 
945 |d 20070124 00:00:00  |a rinostro 
260 |a París  |b G. Téqui  |c 1879 
600 0 7 |a MONTCALM, LOUIS DE  |2 CL-VaPUC  |9 517466 
650 7 |a BIOGRAFIA  |2 CL-VaPUC  |9 504622 
650 7 |a HISTORIA DE CANADA  |2 CL-VaPUC  |9 446304 
650 7 |a COLONIZACION FRANCESA  |2 CL-VaPUC  |9 505837 
650 0 |a Ilustraciones  |9 369481 
583 |a last modification  |c 20070124 00:00:00  |k Rodrigo Vera 
999 |c 324277  |d 324275 
952 |0 0  |1 0  |4 0  |6 923_000000000000000_MAR_1879  |7 0  |8 X  |9 404314  |a FDOBUD  |b FDOBUD  |d 2019-11-22  |i 1080504  |o 923 MAR 1879  |p 1080504  |r 2019-11-22  |w 2019-11-22  |y BK_X  |k BUD